| 000 | 00771nam a2200241Ia 4500 | ||
|---|---|---|---|
| 003 | OSt | ||
| 005 | 20220925231829.0 | ||
| 006 | a|||||r|||| 00| 0 | ||
| 007 | ta | ||
| 008 | 220923b |||||||| |||| 00| 0 eng d | ||
| 037 | _cGeneral Book | ||
| 040 |
_aRTL _cRTL _beng |
||
| 041 |
_2eng _aeng |
||
| 082 | _aY:4:(B), L0 | ||
| 100 |
_aTufte Edward R Ed. _9296193 |
||
| 245 | 0 | _aQuantitative analysis of social problems | |
| 260 |
_aMassachusetts _bAddison-Wesley _c1970 |
||
| 300 |
_a449p _ccm. |
||
| 490 | _aAddison-Wesley Series in Behavioral Science : Quantitative Methods. Ed by Frederick Mosteller | ||
| 500 | _aBibliography at the end of few chapters | ||
| 942 |
_hY:4:(B), L0 _cGB _2CC |
||
| 999 |
_c589556 _d589556 |
||